Statistics for Maisie Peters - Truth Is

Click here to take the quiz!

General Stats

  • This quiz has been taken 10 times
  • The average score is 254 of 324

Answer Stats

Answer% Correct
a
100%
all
100%
and
100%
And
100%
be
100%
Did
100%
did
100%
I
100%
is
100%
is,
100%
it?
100%
it
100%
It’s
100%
just
100%
like
100%
love
100%
love,
100%
my
100%
never
100%
no
100%
of
100%
out
100%
ruthless
100%
the
100%
to
100%
took
100%
Truth
100%
was
100%
Was
100%
we’re
100%
were
100%
what
100%
Who
100%
worst
100%
you
100%
you?
100%
You
100%
your
100%
always
80%
behind
80%
bit
80%
blow
80%
broke
80%
bruises
80%
‘Cause
80%
could
80%
deserved
80%
fear
80%
get
80%
gonna
80%
I’ll
80%
in
80%
knew
80%
know
80%
little
80%
loved
80%
proved
80%
see
80%
that
80%
that’s
80%
then
80%
there
80%
think
80%
up
80%
very
80%
you’re
80%
abused
60%
baby,
60%
back
60%
believe
60%
blood
60%
but
60%
But
60%
cold
60%
confused
60%
didn’t
60%
ever
60%
heal
60%
Hey
60%
life
60%
living
60%
months
60%
off
60%
shame?
60%
Time
60%
trust
60%
way
60%
will
60%
with
60%
worth
60%
would
60%
any
40%
been
40%
best
40%
bitter
40%
blame?
40%
care
40%
chairs
40%
couldn’t
40%
court
40%
cure
40%
demons?
40%
doesn’t
40%
game
40%
give
40%
got
40%
have
40%
head
40%
I’d
40%
if
40%
musical
40%
not
40%
Or
40%
or
40%
played
40%
real
40%
reason?
40%
rile
40%
ruin
40%
talking
40%
till
40%
undo
40%
weren’t
40%
won’t
40%
yours
40%
bear
20%
dress?
20%
failure
20%
fall
20%
fucking
20%
glare
20%
he’s
20%
He’s
20%
lump
20%
more
20%
regret
20%
saviour
20%
something
20%
Still
20%
stop
20%
there’s
20%
throat
20%
useful?
20%
wound
20%
you’ll
20%
grudge
0%

Score Distribution

Percentile by Number Answered

Percent of People with Each Score

Your Score History

You have not taken this quiz